00289nam a2200109Ia 4500008004100000041000800041082001800049100001700067245004800084260003900132300000800171230627s9999 xx 000 0 und d aeng a346.0548bPRO aProfessional aThe Right To Information ,Act 2005,Bare Act bProfessional Book Publishersc2009 a71p